Kenya telephone directories : (Record no. 15075)

MARC details
000 -LEADER
fixed length control field 01085cam a22002772 4500
001 - CONTROL NUMBER
control field 0000009063
005 - DATE AND TIME OF LATEST TRANSACTION
control field 20151217161140.0
008 - FIXED-LENGTH DATA ELEMENTS--GENERAL INFORMATION
fixed length control field 080806s xx 000 0 eng d
020 ## - INTERNATIONAL STANDARD BOOK NUMBER
Terms of availability Donation
040 ## - CATALOGING SOURCE
Original cataloging agency KABU
Transcribing agency KABU
245 10 - TITLE STATEMENT
Title Kenya telephone directories :
Remainder of title officiail Nairobi telephone directory.
260 ## - PUBLICATION, DISTRIBUTION, ETC. (IMPRINT)
Place of publication, distribution, etc. Nairobi :
Name of publisher, distributor, etc. Kenya Postel Directories.
310 ## - CURRENT PUBLICATION FREQUENCY
Current publication frequency Annual
500 ## - GENERAL NOTE
General note Library has: 2005, 2006, 2007, 2008, 2010.
650 #0 - SUBJECT ADDED ENTRY--TOPICAL TERM
Topical term or geographic name as entry element Telephone
Form subdivision Directories.
-- 0000160019
908 ## - PUT COMMAND PARAMETER (RLIN)
Put command parameter 080806
950 ## - LOCAL HOLDINGS (RLIN)
-- 1
Holdings
Withdrawn status Lost status Source of classification or shelving scheme Not for loan Home library Current library Date acquired Total Checkouts Full call number Barcode Date last seen Price effective from Koha item type
    Library of Congress Classification Not For Loan Kabarak, Main Campus Kabarak, Main Campus 17/12/2015   HE9533 .A5K46N3 2005 c. 1 010074 17/12/2015 17/12/2015 Reference
    Library of Congress Classification Not For Loan Kabarak, Main Campus Kabarak, Main Campus 17/12/2015   HE9533 .A5K46N3 2006 c. 1 012554 17/12/2015 17/12/2015 Reference
    Library of Congress Classification Not For Loan Kabarak, Main Campus Kabarak, Main Campus 17/12/2015   HE9533 .A5K46N3 2007 c. 1 012555 17/12/2015 17/12/2015 Reference
    Library of Congress Classification Not For Loan Kabarak, Main Campus Kabarak, Main Campus 17/12/2015   HE9533 .A5K46N3 2008 c. 1 012556 17/12/2015 17/12/2015 Reference
    Library of Congress Classification Not For Loan Kabarak, Main Campus Kabarak, Main Campus 17/12/2015   HE9533 .A5K46N3 2004 c. 1 010073 17/12/2015 17/12/2015 Reference
    Library of Congress Classification Not For Loan Kabarak, Main Campus Kabarak, Main Campus 17/12/2015   HE9533 .A5K46N3 2008 c. 2 012565 17/12/2015 17/12/2015 Reference
    Library of Congress Classification Not For Loan Kabarak, Main Campus Kabarak, Main Campus 17/12/2015   HE9533 .A5K46N3 2010 c. 1 18777 17/12/2015 17/12/2015 Reference
    Library of Congress Classification Not For Loan Kabarak, Main Campus Kabarak, Main Campus 17/12/2015   HE9533 .A5K46N3 2010 c. 2 18779 17/12/2015 17/12/2015 Reference
Designed with assistance from East African Informatics Ltd